000 00961nam a22003137a 4500
001 0001201
003 KOHA_MİRAKIL
005 20260207001234.0
007 ta
008 081212b2006 tu |||gr||||#||||0|tur |
020 _a9758969714
_cYTL10,19
040 _aTR-BiSEU
_btur
_cTR-BiSEU
_erda
041 0 _atur
044 _ctu
050 _aHG3853.7
_b.K39 2006
100 1 _aKaya, Ferudun.
245 1 _aDış ticaret işlemleri ve muhasebe uygulamaları :
_buluslararası mevzuat, belge, uygulama/
_cFerudun Kaya ; Ferudun Kaya.
264 1 _aAnkara :
_bDetay Yayıncılık
_c2006
300 _axvi, 336 sayfa
336 _ametin
_btxt
_2rdacontent
337 _aaracısız
_bn
_2rdamedia
338 _acilt
_bnc
_2rdacarrier
490 1 _aDetay Yayınları ;
_v165.
500 _aKaynakça var.
650 0 _aKambiyo--Muhasebe.
_94174
650 0 _aUluslararası ticaret.
_94024
830 1 _aDetay Yayınları ;
_v165.
_91914
942 _2lcc
_cBK
999 _c1195
_d1195